Hệ thống bài tập kế toán và sơ đồ kế toán hành chính sự nghiệp

Sách bao gồm các bài tập liên quan đến từng chương trong nội dung lý thuyết, và một số bài tập tổng hợp kết nối giữa các chương có liên quan trong quá trình ghi nhận và xử lý thông tin kế toán....

Celý popis

Uloženo v:
Podrobná bibliografie
Hlavní autor: Võ, Văn Nhị
Médium: Kniha
Jazyk:Undetermined
Vydáno: Thành phố Hồ Chí Minh Phương Đông 2012
Témata:
Tagy: Přidat tag
Žádné tagy, Buďte první, kdo otaguje tento záznam!
Thư viện lưu trữ: Trung tâm Học liệu Trường Đại học Cần Thơ
LEADER 00945nam a2200205Ia 4500
001 CTU_180957
008 210402s9999 xx 000 0 und d
020 |c 40000 
082 |a 657.3 
082 |b Nh300 
100 |a Võ, Văn Nhị 
245 0 |a Hệ thống bài tập kế toán và sơ đồ kế toán hành chính sự nghiệp 
245 0 |c Võ Văn Nhị chủ biên 
260 |a Thành phố Hồ Chí Minh 
260 |b Phương Đông 
260 |c 2012 
520 |a Sách bao gồm các bài tập liên quan đến từng chương trong nội dung lý thuyết, và một số bài tập tổng hợp kết nối giữa các chương có liên quan trong quá trình ghi nhận và xử lý thông tin kế toán. 
650 |a Accounting,Kế toán 
904 |i Hải 
980 |a Trung tâm Học liệu Trường Đại học Cần Thơ